<?xml version="1.0" encoding="UTF-8"?><?xml-stylesheet type="text/xsl" href="static/style.xsl"?><OAI-PMH xmlns="http://www.openarchives.org/OAI/2.0/" xmlns:xsi="http://www.w3.org/2001/XMLSchema-instance" xsi:schemaLocation="http://www.openarchives.org/OAI/2.0/ http://www.openarchives.org/OAI/2.0/OAI-PMH.xsd"><responseDate>2026-04-13T06:57:39Z</responseDate><request verb="GetRecord" identifier="oai:www.recercat.cat:2099.1/13397" metadataPrefix="marc">https://recercat.cat/oai/request</request><GetRecord><record><header><identifier>oai:recercat.cat:2099.1/13397</identifier><datestamp>2025-07-23T04:38:00Z</datestamp><setSpec>com_2072_1033</setSpec><setSpec>col_2072_452951</setSpec></header><metadata><record xmlns="http://www.loc.gov/MARC21/slim" xmlns:dcterms="http://purl.org/dc/terms/" xmlns:xsi="http://www.w3.org/2001/XMLSchema-instance" xmlns:doc="http://www.lyncode.com/xoai" xsi:schemaLocation="http://www.loc.gov/MARC21/slim http://www.loc.gov/standards/marcxml/schema/MARC21slim.xsd">
   <leader>00925njm 22002777a 4500</leader>
   <datafield ind2=" " ind1=" " tag="042">
      <subfield code="a">dc</subfield>
   </datafield>
   <datafield ind2=" " ind1=" " tag="720">
      <subfield code="a">Gómez Valero, Natalia</subfield>
      <subfield code="e">author</subfield>
   </datafield>
   <datafield ind2=" " ind1=" " tag="260">
      <subfield code="c">2011-06</subfield>
   </datafield>
   <datafield ind2=" " ind1=" " tag="520">
      <subfield code="a">Aquest document conté un projecte de rehabilitació i reforma d’una masia existent al terme municipal de Sant Martí de Llémena per adaptar-la a un nou ús com a allotjament rural amb vivenda privada. La primera part del projecte recull una memòria descriptiva en la que s’informa de l’estat actual de les dues edificacions que seran objecte de la rehabilitació i reforma. S’aporten testimonis gràfics de cadascun dels elements que la componen agrupats per subsistemes constructius i es defineixen les lesions i processos patològics existents amb aportació, també, de fotografies. A continuació, es troba la memòria constructiva en la qual primer es defineixen les propostes de intervenció per tal de subsanar les lesions i processos patològics descrits a l’apartat anterior i, posteriorment, es recullen els paràmetres tècnics referents a la reforma de l’edifici per a l’adequació al seu nou ús. En aquest apartat s’aportarà una descripció de les intervencions a realitzar en cadascun dels casos. Posteriorment, es troba el pressupost total de la intervenció de reforma i rehabilitació, amb capítols agrupats segons la descripció de les intervencions aportada en l’apartat anterior El següent apartat és l’estudi bàsic de seguretat i salut, en el qual s’identifiquen i avaluen els possibles riscos que comporten cadascuna de les fases d’execució de l’obra agrupades per subsistemes constructius i es proposa l’adopció de mesures preventives adients en cada cas. Per últim, s’adjunten els annexos necessaris per comprendre i acabar de definir allò expressat en els apartats anteriors amb aportació de fitxes tècniques, justificacions de càlcul i documentació gràfics.</subfield>
   </datafield>
   <datafield tag="653" ind2=" " ind1=" ">
      <subfield code="a">Àrees temàtiques de la UPC::Edificació::Rehabilitació d'edificis</subfield>
   </datafield>
   <datafield tag="653" ind2=" " ind1=" ">
      <subfield code="a">Buildings -- Repair and reconstruction</subfield>
   </datafield>
   <datafield tag="653" ind2=" " ind1=" ">
      <subfield code="a">Farmhouses</subfield>
   </datafield>
   <datafield tag="653" ind2=" " ind1=" ">
      <subfield code="a">Housing rehabilitation</subfield>
   </datafield>
   <datafield tag="653" ind2=" " ind1=" ">
      <subfield code="a">Rehabilitació -- Masies -- Sant Martí de Llémena (Girona) -- PFG</subfield>
   </datafield>
   <datafield tag="653" ind2=" " ind1=" ">
      <subfield code="a">Masos, masies, etc. -- Catalunya -- Sant Martí de Llémena</subfield>
   </datafield>
   <datafield tag="653" ind2=" " ind1=" ">
      <subfield code="a">Rehabilitació de l'habitatge -- Catalunya -- Sant Martí de Llémena</subfield>
   </datafield>
   <datafield tag="653" ind2=" " ind1=" ">
      <subfield code="a">Can Trias (Sant Martí de Llémena, Catalunya)</subfield>
   </datafield>
   <datafield ind2="0" ind1="0" tag="245">
      <subfield code="a">Rehabilitació i reforma de la masia "Can Trias" a Sant Martí de Llémena</subfield>
   </datafield>
</record></metadata></record></GetRecord></OAI-PMH>